| 000 | 01584cam a2200421 a 4500 | ||
|---|---|---|---|
| 001 | 12816019 | ||
| 003 | OSt | ||
| 005 | 20151029154018.0 | ||
| 008 | 020613s2003 nyu b 000 1 eng | ||
| 010 | _a 2002026310 | ||
| 020 | _a9780393977103 | ||
| 040 |
_aDLC _cDLC _dDLC |
||
| 043 |
_an-us--- _ae------ |
||
| 050 | 0 | 0 |
_aPS 2111 _b.W411 2003 |
| 082 | 0 | 0 |
_aIB 813.4 _bJ23 2003 |
| 100 | 1 |
_aJames, Henry, _d1843-1916. |
|
| 240 | 1 | 0 |
_aShort stories. _kSelections |
| 245 | 1 | 0 |
_aTales of henry james : _bthe texts of the tales, the author on his craft, criticism / _cselected and edited by Christof Wegelin and Henry B. Wonham. |
| 250 | _a2nd ed. | ||
| 260 |
_aNew York : _bW.W. Norton, _cc2003. |
||
| 300 |
_ax, 524 p. ; _c22 cm. |
||
| 440 | 2 | _aA Norton critical edition | |
| 504 | _aIncludes bibliographical references (p. 521-524). | ||
| 521 | _blexile | ||
| 562 | _efor circulation. 1 copy available in the collection | ||
| 600 | 1 | 0 |
_aJames, Henry, _d1843-1916 _xCriticism and interpretation. |
| 650 | 0 |
_aAmericans _zEurope _vFiction. |
|
| 650 | 0 |
_aFiction _xAuthorship. |
|
| 650 | 0 | _aShort story. | |
| 651 | 0 |
_aUnited States _xSocial life and customs _y19th century _vFiction. |
|
| 651 | 0 |
_aEurope _xSocial life and customs _vFiction. |
|
| 700 | 1 |
_aWegelin, Christof, _d1911- |
|
| 700 | 1 |
_aWonham, Henry B., _d1960- |
|
| 906 |
_a7 _bcbc _corignew _d1 _eocip _f20 _gy-gencatlg |
||
| 942 |
_2lcc _cBK |
||
| 999 |
_c2293 _d2293 |
||